Największe miasta na Śląsku - Statystyki

Ogólne statystyki
  • Ten quiz został rozwiązany 338 razy
  • Średni wynik to 11 z 15
Statystyki odpowiedzi
Ludność Miasto Ludność Miasto % Poprawnych
303 314 Katowice 68 658 Siemianowice Śląskie
100%
184 993 Gliwice 58 297 Będzin
88%
231 527 Częstochowa 62 015 Żory
83%
210 249 Sosnowiec 60 984 Tarnowskie Góry
82%
177 815 Zabrze 56 978 Piekary Śląskie
79%
110 538 Chorzów 35 824 Cieszyn
78%
172 762 Bytom 51 722 Świętochłowice
74%
173 462 Bielsko-Biała 55 818 Racibórz
73%
128 698 Tychy 39 858 Mikołów
72%
140 094 Rybnik 48 688 Wodzisław Śląski
70%
123 774 Dąbrowa Górnicza 39 057 Knurów
65%
141 090 Ruda Śląska 51 110 Zawiercie
62%
75 028 Mysłowice 32 595 Myszków
50%
91 073 Jastrzębie-Zdrój 32 811 Czeladź
47%
93 556 Jaworzno 35 703 Czechowice-Dziedzice
47%
Nie znaleziono quizów pasujących do podanych kryteriów
Rozkład punktacji
Procent ludzi z każdym wynikiem
Percentyl według liczby udzielonych odpowiedzi
Twoja historia wyników
Nie rozwiązałeś tego quizu